Naturaleza jurídica de los alimentos provisorios (Registro nro. 33193)
[ vista simple ]
| 000 -LEADER | |
|---|---|
| fixed length control field | 00370 a2200109 4500 |
| 001 - CONTROL NUMBER | |
| control field | ART_59337 |
| 005 - DATE AND TIME OF LATEST TRANSACTION | |
| control field | 20260410162022.0 |
| 008 - FIXED-LENGTH DATA ELEMENTS--GENERAL INFORMATION | |
| fixed length control field | 260409a |
| 100 1# - MAIN ENTRY--PERSONAL NAME | |
| Personal name | Scasserra, Selene I. |
| 245 10 - TITLE STATEMENT | |
| Title | Naturaleza jurídica de los alimentos provisorios |
| 773 0# - HOST ITEM ENTRY | |
| Title | Temas de derecho de familia, sucesiones y bioética |
| Related parts | - Año 7, N° 10 (oct. 2023) |
| Record control number | REV41029 |
No hay ítems disponibles.